00772nam a2200193 i 450000100060000000300090000600500170001500700030003200800410003508000490007610000400012524500960016526000750026130000300033660000510036685200220041799900170043995201220045614004ES-MaACL20230906150716.0t|980827s1997 sp a |||| |dspa d a929:61 San Martín Satrústegui, Alejandro1 aPalma Rodríguez, Fermín.98862110aVida y obra del doctor Alejandro San Martín Satrústegui / cFermín Palma Rodríguez. aSan Sebastián : bSociedad Vasca de Historia de la Medicina, c1997. a116 p. : bil. ; c24 cm.14aSan Martín Satrústegui, Alejandro.9102275 aES-MaACLjL-21290 c14004d14004 00104070aATENEOMbATENEOMcDEPO2d2008-01-17eSCl0oL-21290p1014249r2023-02-23 00:00:00w2023-02-23yMONOGRAFIA